Latinoamérica en el siglo XX : 1898-1945 : textos y documentos /
Kaydedildi:
| Yazar: | |
|---|---|
| Diğer Yazarlar: | |
| Materyal Türü: | Kitap |
| Dil: | İspanyolca |
| Baskı/Yayın Bilgisi: |
México :
UNAM, Colegio de Ciencias y Humanidades,
1973, c1973
|
| Seri Bilgileri: | (Lecturas Universitarias ;
19) |
| Etiketler: |
Etiket eklenmemiş, İlk siz ekleyin!
|
MARC
| LEADER | 00000nam^a2200000^a^4500 | ||
|---|---|---|---|
| 001 | 000264058 | ||
| 005 | 20250621000000.0 | ||
| 009 | 20260310110634.612 | ||
| 025 | |a Donación Francisco J. Núñez de la Peña, 1 ejemplar | ||
| 037 | |a Acervo ITESO - Biblioteca | ||
| 041 | |a ESP | ||
| 082 | |a 327. 73080 |b CON V. 1 | ||
| 100 | |a Contreras, Mario |e (comp.) | ||
| 240 | 1 | 1 | |a [Latinoamérica en el siglo XX] |
| 245 | 1 | 0 | |a Latinoamérica en el siglo XX : |b 1898-1945 : textos y documentos / |c Comp. de M. Contreras, I. Sosa A. |
| 264 | 4 | |a México : |b UNAM, Colegio de Ciencias y Humanidades, |c 1973, c1973 | |
| 300 | |a 272 p. | ||
| 336 | |a texto |b txt |2 rdacontenido | ||
| 337 | |a sin mediación |b n |2 rdamedio | ||
| 338 | |a volumen |b nc |2 rdasoporte | ||
| 440 | 1 | |a (Lecturas Universitarias ; |v 19) | |
| 649 | |a XX | ||
| 700 | |a Sosa A., Ignacio |e (compilación) | ||
| 910 | |a Fondo General | ||
| 920 | |a Impresos - Libros | ||
| 930 | |a Colección General | ||
| 905 | |a 101 | ||
| 901 | |a 0500145343 |b IT1 |c ACC |d DT |i D |u 20250621 | ||
| 902 | |a https://opac.biblio.iteso.mx/vufind/Record/000264058 | ||